[Event "Buenos Aires Borges Memorial"]
[Site "Buenos Aires"]
[Date "2020.03.13"]
[Round "8"]
[White "Fell, Sebastian"]
[Black "Gaitan, Juan Manuel"]
[Result "1/2-1/2"]
[WhiteElo "2334"]
[BlackElo "2319"]
[PlyCount "21"]
[EventDate "2020.03.06"]
[EventType "tourn"]
[EventRounds "9"]
[EventCountry "ARG"]
[SourceTitle "CBM 195 Extra"]
[Source "ChessBase"]
[SourceDate "2020.05.31"]
[SourceVersion "1"]
[SourceVersionDate "2020.05.31"]
[SourceQuality "1"]

1. e4 e6 2. d4 d5 3. exd5 exd5 4. Nf3 Bd6 5. Bd3 Bg4 6. 0-0 Nc6 7. c3 Nge7 8. Nbd2 Qd7 9. Re1 f6 10. Nf1 Bf5 11. Ng3 1/2-1/2

[Event "Buenos Aires Borges Memorial"]
[Site "Buenos Aires"]
[Date "2020.03.12"]
[Round "7"]
[White "Saldano Dayer, Horacio"]
[Black "Fell, Sebastian"]
[Result "1-0"]
[WhiteElo "2416"]
[BlackElo "2334"]
[PlyCount "117"]
[EventDate "2020.03.06"]
[EventType "tourn"]
[EventRounds "9"]
[EventCountry "ARG"]
[SourceTitle "CBM 195 Extra"]
[Source "ChessBase"]
[SourceDate "2020.05.31"]
[SourceVersion "1"]
[SourceVersionDate "2020.05.31"]
[SourceQuality "1"]

1. d4 Nf6 2. c4 g6 3. g3 Bg7 4. Bg2 0-0 5. Nc3 d6 6. Nf3 Nc6 7. 0-0 a6 8. b3 Rb8 9. d5 Na5 10. Bg5 b5 11. cxb5 axb5 12. Rc1 b4 13. Na4 Bd7 14. Nd4 e5 15. dxe6 fxe6 16. Bxf6 Bxf6 17. Nc6 Nxc6 18. Bxc6 Bc8 19. Qd3 Bg7 20. Rc2 Qf6 21. Bf3 Rf7 22. Bg2 Qd4 23. Qxd4 Bxd4 24. e3 Bg7 25. Rd1 Bf8 26. Bh3 Re7 27. Nb2 Ba6 28. Nc4 Bxc4 29. Rxc4 Rb6 30. Bg4 Kf7 31. h4 c5 32. h5 Bg7 33. hxg6+ hxg6 34. Kg2 Ra6 35. Rf4+ Ke8 36. Be2 Rb6 37. Rg4 Ra7 38. Rxg6 Kf7 39. Bh5 Rxa2 40. Rg4+ Kg8 41. Rh1 d5 42. Bg6 e5 43. Bh7+ Kf8 44. Bb1 Rb2 45. Rh7 Rb7 46. Bf5 Rf7 47. Rh5 Ke7 48. e4 c4 49. exd5 cxb3 50. Rxb4 Kd6 51. g4 Kxd5 52. Rh3 Bf6 53. Rhxb3 Rxb3 54. Rxb3 Kd6 55. Kf3 Ra7 56. Bd3 Ra2 57. Rb6+ Ke7 58. Rb7+ Kf8 59. Bc4 1-0

[Event "Buenos Aires Borges Memorial"]
[Site "Buenos Aires"]
[Date "2020.03.10"]
[Round "5"]
[White "Fell, Sebastian"]
[Black "Perez Candelas, Andres Eloy"]
[Result "1/2-1/2"]
[WhiteElo "2334"]
[BlackElo "2261"]
[PlyCount "71"]
[EventDate "2020.03.06"]
[EventType "tourn"]
[EventRounds "9"]
[EventCountry "ARG"]
[SourceTitle "CBM 195 Extra"]
[Source "ChessBase"]
[SourceDate "2020.05.31"]
[SourceVersion "1"]
[SourceVersionDate "2020.05.31"]
[SourceQuality "1"]

1. e4 Nf6 2. Nc3 d5 3. e5 d4 4. exf6 dxc3 5. Qf3 cxb2 6. Bxb2 exf6 7. d4 c6 8. Bd3 Qd5 9. Be4 Qa5+ 10. c3 f5 11. Bd3 Ba3 12. Qe2+ Be6 13. Nf3 0-0 14. 0-0 Nd7 15. Bxa3 Qxa3 16. c4 Nf6 17. Rab1 b6 18. Rfe1 Rfe8 19. Qc2 g6 20. Rbd1 Rad8 21. h3 Bc8 22. Rxe8+ Rxe8 23. c5 bxc5 24. dxc5 Be6 25. Bf1 Ne4 26. Nd4 Bd5 27. Bc4 Bxc4 28. Qxc4 Rd8 29. Rf1 Nd2 30. Qe2 Nxf1 31. Nxc6 Qc1 32. Qe5 Ng3+ 33. Kh2 Nf1+ 34. Kg1 Ng3+ 35. Kh2 Nf1+ 36. Kg1 1/2-1/2

[Event "Buenos Aires Borges Memorial"]
[Site "Buenos Aires"]
[Date "2020.03.06"]
[Round "1"]
[White "Fell, Sebastian"]
[Black "Ocantos, Manuel"]
[Result "1-0"]
[WhiteElo "2334"]
[BlackElo "2244"]
[PlyCount "97"]
[EventDate "2020.03.06"]
[EventType "tourn"]
[EventRounds "9"]
[EventCountry "ARG"]
[SourceTitle "CBM 195 Extra"]
[Source "ChessBase"]
[SourceDate "2020.05.31"]
[SourceVersion "1"]
[SourceVersionDate "2020.05.31"]
[SourceQuality "1"]

1. e4 c5 2. Nf3 e6 3. d4 cxd4 4. Nxd4 a6 5. Nc3 Qc7 6. g3 b5 7. a3 Bb7 8. Bg2 Nf6 9. 0-0 d6 10. f4 Nbd7 11. Qe2 Rc8 12. Be3 Be7 13. Rae1 Nb6 14. g4 Nc4 15. g5 Nd7 16. Bc1 0-0 17. Rf3 g6 18. b3 Qc5 19. Qf2 Ncb6 20. Rh3 e5 21. Be3 Qxc3 22. Nf5 Bd8 23. Nxd6 Qxc2 24. Qh4 h5 25. Bf3 Qc3 26. Bxh5 gxh5 27. Bf2 exf4 28. Rxc3 Rxc3 29. Qxh5 Ne5 30. Nxb7 Nbd7 31. Rd1 Bb6 32. Bxb6 Nxb6 33. g6 Nxg6 34. Rd6 Rc1+ 35. Kf2 Nc8 36. Rd2 Rc6 37. b4 Re6 38. Nc5 Re5 39. Qg4 Nce7 40. Nd7 Re6 41. Nxf8 Kxf8 42. Rd8+ Kg7 43. h4 Nc6 44. Rd7 Rf6 45. Rc7 Nce5 46. Qg5 f3 47. h5 Nd3+ 48. Kf1 f2 49. h6+ 1-0

[Event "ARG-ch sf 95th"]
[Site "Buenos Aires"]
[Date "2020.03.01"]
[Round "9"]
[White "Fell, Sebastian"]
[Black "Besso, Guadalupe"]
[Result "1-0"]
[WhiteElo "2334"]
[BlackElo "2092"]
[PlyCount "89"]
[EventDate "2020.02.22"]
[EventType "swiss"]
[EventRounds "9"]
[EventCountry "ARG"]
[SourceTitle "CBM 195 Extra"]
[Source "ChessBase"]
[SourceDate "2020.05.31"]
[SourceVersion "1"]
[SourceVersionDate "2020.05.31"]
[SourceQuality "1"]

1. e4 c6 2. d4 d5 3. e5 Bf5 4. h4 h5 5. Bd3 Bxd3 6. Qxd3 e6 7. Bg5 Qa5+ 8. Nd2 Qa6 9. c4 Bb4 10. b3 Nd7 11. Ngf3 Ne7 12. 0-0 Nf5 13. Rfc1 0-0 14. Nf1 Ba3 15. Rc2 c5 16. Qd1 dxc4 17. bxc4 cxd4 18. Bf4 Bc5 19. Rb1 Qc6 20. Rb3 g6 21. Kh2 Bb6 22. Kh3 Nc5 23. Ng5 d3 24. Rd2 Nxb3 25. axb3 Rad8 26. f3 Rd4 27. g3 Rfd8 28. Be3 R4d7 29. Bf4 Ba5 30. Ne4 Bxd2 31. Nfxd2 Kg7 32. Bg5 Qa6 33. g4 hxg4+ 34. fxg4 Rh8 35. gxf5 exf5 36. Nc5 Qc6 37. Nxd7 Re8 38. Nf6 Rxe5 39. Nd5 f4 40. Bf6+ Kg8 41. Bxe5 Qe6+ 42. Qg4 Qxe5 43. Qxf4 Qe2 44. Qe3 Qd1 45. Kh2 1-0

[Event "ARG-ch sf 95th"]
[Site "Buenos Aires"]
[Date "2020.02.28"]
[Round "7"]
[White "Fell, Sebastian"]
[Black "Cativelli, Gerardo"]
[Result "1/2-1/2"]
[WhiteElo "2334"]
[BlackElo "2193"]
[PlyCount "131"]
[EventDate "2020.02.22"]
[EventType "swiss"]
[EventRounds "9"]
[EventCountry "ARG"]
[SourceTitle "EXT 2021"]
[Source "ChessBase"]
[SourceDate "2020.10.23"]
[SourceVersion "1"]
[SourceVersionDate "2020.10.23"]
[SourceQuality "1"]

1. e4 c6 2. d4 d5 3. exd5 cxd5 4. Bd3 Nc6 5. c3 Qc7 6. h3 e5 7. dxe5 Nxe5 8. Nf3 Nxd3+ 9. Qxd3 Bd6 10. 0-0 Ne7 11. Nd4 a6 12. Nd2 0-0 13. N2f3 h6 14. Bd2 Bd7 15. Nh4 Rad8 16. Rad1 Rfe8 17. Qf3 Be5 18. Be3 Qd6 19. Qh5 Bh2+ 20. Kh1 Bf4 21. Rfe1 Qf6 22. Bxf4 Qxf4 23. Nhf3 Bc8 24. Re3 Nf5 25. Nxf5 Bxf5 26. g3 Qa4 27. b3 Qd7 28. Ne5 Qe6 29. Kh2 Be4 30. Nd3 Qf6 31. Qe2 Kf8 32. Nc5 Qc6 33. Nxe4 dxe4 34. Rxe4 Qxc3 35. Re1 Qc6 36. Re7 Qc8 37. h4 Rxe7 38. Qxe7+ Kg8 39. Kg2 Rd7 40. Qe4 h5 41. Re2 g6 42. Re3 Rd8 43. Rf3 Qd7 44. Rc3 Re8 45. Qf3 Rd8 46. Rc4 Re8 47. Rb4 b5 48. Rf4 Re6 49. Kh2 Rd6 50. Kg2 Re6 51. a4 bxa4 52. bxa4 Rd6 53. Rb4 Qc6 54. Re4 Rf6 55. Rf4 Qxf3+ 56. Kxf3 Rb6 57. Ke4 Kf8 58. Kd5 Ke7 59. Kc5 Rb2 60. Rf3 a5 61. Rf4 Ke6 62. Re4+ Kd7 63. Rf4 Ke6 64. Re4+ Kd7 65. Rd4+ Ke7 66. Rf4 1/2-1/2

[Event "ARG-ch sf 95th"]
[Site "Buenos Aires"]
[Date "2020.02.25"]
[Round "4"]
[White "Valerga, Diego"]
[Black "Fell, Sebastian"]
[Result "1/2-1/2"]
[WhiteElo "2450"]
[BlackElo "2334"]
[PlyCount "53"]
[EventDate "2020.02.22"]
[EventType "swiss"]
[EventRounds "9"]
[EventCountry "ARG"]
[SourceTitle "CBM 195 Extra"]
[Source "ChessBase"]
[SourceDate "2020.05.31"]
[SourceVersion "1"]
[SourceVersionDate "2020.05.31"]
[SourceQuality "1"]

1. g3 g6 2. Bg2 Bg7 3. d4 d6 4. e4 Nf6 5. Nc3 0-0 6. Nge2 Nbd7 7. 0-0 e5 8. h3 c6 9. a4 b6 10. Bg5 Re8 11. d5 c5 12. Nb5 h6 13. Be3 Nf8 14. Qd2 Kh7 15. a5 Ba6 16. c4 Bxb5 17. cxb5 a6 18. bxa6 Rxa6 19. b4 N8d7 20. axb6 Qxb6 21. Rab1 Qa7 22. Nc3 Rb8 23. Rfc1 Qa8 24. bxc5 Nxc5 25. Rxb8 Qxb8 26. Bxc5 dxc5 27. Qd3 1/2-1/2

[Event "ARG-ch sf 95th"]
[Site "Buenos Aires"]
[Date "2020.02.24"]
[Round "3"]
[White "Fell, Sebastian"]
[Black "Liascovich, Lucas Agustin"]
[Result "1/2-1/2"]
[WhiteElo "2334"]
[BlackElo "2425"]
[PlyCount "71"]
[EventDate "2020.02.22"]
[EventType "swiss"]
[EventRounds "9"]
[EventCountry "ARG"]
[SourceTitle "CBM 195 Extra"]
[Source "ChessBase"]
[SourceDate "2020.05.31"]
[SourceVersion "1"]
[SourceVersionDate "2020.05.31"]
[SourceQuality "1"]

1. e4 c6 2. d4 d5 3. exd5 cxd5 4. Bd3 Nc6 5. c3 Qc7 6. Bg5 Nf6 7. Nd2 Bg4 8. Ne2 e6 9. Qa4 Bd6 10. 0-0-0 Bh5 11. Kb1 Bg6 12. Bxg6 hxg6 13. Bxf6 gxf6 14. h4 a6 15. c4 dxc4 16. Nxc4 b5 17. Nxd6+ Qxd6 18. Qb3 Rd8 19. g3 Qd5 20. Qe3 Qf5+ 21. Qd3 Rh5 22. Rhe1 Qxd3+ 23. Rxd3 Rhd5 24. Ra3 Nxd4 25. Rxa6 Nf3 26. Rc1 Rd2 27. Nc3 Rxf2 28. Nxb5 e5 29. Nd6+ Kf8 30. a4 Rd2 31. Ne4 R2d4 32. Nxf6 e4 33. Ng4 f5 34. Ne3 Rd3 35. Rc7 Rxe3 36. Rf6+ 1/2-1/2

[Event "ARG-ch sf 95th"]
[Site "Buenos Aires"]
[Date "2020.02.23"]
[Round "2"]
[White "Conde, Adrian"]
[Black "Fell, Sebastian"]
[Result "0-1"]
[WhiteElo "2100"]
[BlackElo "2334"]
[PlyCount "54"]
[EventDate "2020.02.22"]
[EventType "swiss"]
[EventRounds "9"]
[EventCountry "ARG"]
[SourceTitle "CBM 195 Extra"]
[Source "ChessBase"]
[SourceDate "2020.05.31"]
[SourceVersion "1"]
[SourceVersionDate "2020.05.31"]
[SourceQuality "1"]

1. d4 Nf6 2. c4 g6 3. Nc3 Bg7 4. e4 d6 5. Nf3 0-0 6. Be2 e5 7. 0-0 Nc6 8. d5 Ne7 9. b4 Nh5 10. Re1 a5 11. Ba3 Nf4 12. Bf1 Bg4 13. bxa5 f5 14. h3 Bh5 15. Re3 Bh6 16. g3 Nxh3+ 17. Bxh3 Bxe3 18. fxe3 fxe4 19. Be6+ Kg7 20. g4 exf3 21. Ne4 Nf5 22. Qxf3 Qh4 23. gxh5 Nd4 24. h6+ Kh8 25. Qg4 Nf3+ 26. Kg2 Qh2+ 27. Kf1 Nd2+ 0-1

[Event "ARG-ch sf 95th"]
[Site "Buenos Aires"]
[Date "2020.02.22"]
[Round "1"]
[White "Fell, Sebastian"]
[Black "Dubrovich, Igor"]
[Result "1-0"]
[WhiteElo "2334"]
[BlackElo "1998"]
[PlyCount "95"]
[EventDate "2020.02.22"]
[EventType "swiss"]
[EventRounds "9"]
[EventCountry "ARG"]
[SourceTitle "CBM 195 Extra"]
[Source "ChessBase"]
[SourceDate "2020.05.31"]
[SourceVersion "1"]
[SourceVersionDate "2020.05.31"]
[SourceQuality "1"]

1. e4 c5 2. Nf3 d6 3. d4 cxd4 4. Nxd4 Nf6 5. Nc3 a6 6. h3 e6 7. g4 Be7 8. Be3 Nc6 9. g5 Nd7 10. h4 Qc7 11. Bg2 Nde5 12. Qe2 0-0 13. 0-0-0 Nxd4 14. Bxd4 b5 15. f4 Ng6 16. Qf2 b4 17. h5 Nxf4 18. Qxf4 bxc3 19. Bxc3 e5 20. Qg3 Be6 21. Kb1 Rfc8 22. Rd3 Rab8 23. Rc1 Qb6 24. b3 a5 25. Bb2 a4 26. g6 h6 27. Bh3 axb3 28. cxb3 Rxc1+ 29. Bxc1 Bxh3 30. gxf7+ Kxf7 31. Qxh3 Qc6 32. Qf5+ Bf6 33. Bd2 Ke7 34. Kb2 Qd7 35. Qxd7+ Kxd7 36. a4 Rc8 37. a5 Rc6 38. Be3 Bd8 39. b4 Rc4 40. Kb3 Rxe4 41. a6 Kc6 42. Rc3+ Kb5 43. a7 Rxb4+ 44. Ka2 Ra4+ 45. Ra3 Rxa7 46. Rxa7 Bf6 47. Rc7 Kb4 48. Rd7 1-0

[Event "ARG-ch sf 94th"]
[Site "Buenos Aires"]
[Date "2019.04.04"]
[Round "6"]
[White "Real de Azua, Ernesto"]
[Black "Fell, Sebastian"]
[Result "1/2-1/2"]
[WhiteElo "2474"]
[BlackElo "2289"]
[PlyCount "43"]
[EventDate "2019.03.30"]
[EventType "swiss"]
[EventRounds "9"]
[EventCountry "ARG"]
[SourceTitle "CBM 189 Extra"]
[Source "ChessBase"]
[SourceDate "2019.06.03"]
[SourceVersion "1"]
[SourceVersionDate "2019.06.03"]
[SourceQuality "1"]

1. Nf3 Nf6 2. c4 g6 3. Nc3 Bg7 4. e4 d6 5. d4 0-0 6. Be2 e5 7. Be3 Ng4 8. Bg5 f6 9. Bh4 g5 10. Bg3 Nh6 11. c5 g4 12. Nh4 Nc6 13. cxd6 cxd6 14. dxe5 dxe5 15. Qxd8 Rxd8 16. Bc4+ Kh8 17. 0-0 Nd4 18. f4 Bd7 19. fxe5 fxe5 20. Rad1 Rac8 21. Bd3 Rf8 22. Rxf8+ 1/2-1/2

[Event "ARG-chT"]
[Site "Villa Martelli"]
[Date "2018.07.21"]
[Round "3.1"]
[White "Fell, Sebastian"]
[Black "Rodriguez Vila, Andres"]
[Result "1/2-1/2"]
[WhiteElo "2310"]
[BlackElo "2481"]
[PlyCount "117"]
[EventDate "2018.07.07"]
[EventType "team-swiss"]
[EventRounds "9"]
[EventCountry "ARG"]
[SourceTitle "CBM 187 Extra"]
[Source "ChessBase"]
[SourceDate "2018.11.04"]
[SourceVersion "1"]
[SourceVersionDate "2018.11.04"]
[SourceQuality "1"]
[WhiteTeam "Club Argentino"]
[BlackTeam "Republica Martelli"]
[WhiteTeamCountry "ARG"]
[BlackTeamCountry "ARG"]

1. Nf3 d6 2. d4 g6 3. c4 Bg7 4. Nc3 Nf6 5. e4 0-0 6. h3 Na6 7. Bd3 c5 8. d5 e6 9. 0-0 exd5 10. exd5 Nh5 11. Re1 Nc7 12. Bg5 f6 13. Bd2 f5 14. Qc2 h6 15. Ne2 g5 16. Ng3 Nxg3 17. fxg3 Rb8 18. a4 Na6 19. Re2 Nb4 20. Bxb4 cxb4 21. Rf1 Bd7 22. Kh1 Qf6 23. Nh2 Rbe8 24. Ng4 Qd4 25. Rxe8 Bxe8 26. Bxf5 Kh8 27. Re1 h5 28. Nh2 Qxb2 29. Qd1 Qd4 30. Qc1 Qc3 31. Qd1 Be5 32. Bd3 Kg7 33. Nf3 Bf6 34. Qe2 Bf7 35. Qe4 Rh8 36. Rf1 g4 37. Nh4 Qe5 38. Nf5+ Kg8 39. Qxe5 Bxe5 40. a5 b3 41. Rb1 b2 42. Kg1 Kf8 43. Kf2 Bg6 44. Ke2 Rh7 45. Ne3 Rg7 46. Bxg6 Rxg6 47. hxg4 hxg4 48. Nd1 Rh6 49. Nxb2 Rh2 50. Nd3 Rxg2+ 51. Kf1 Rh2 52. Rxb7 Bxg3 53. Rxa7 Rd2 54. a6 Rxd3 55. Rb7 Rf3+ 56. Kg2 Bf2 57. a7 Bxa7 58. Rxa7 Rc3 59. Rd7 1/2-1/2

[Event "ARG-ch sf 93rd"]
[Site "Buenos Aires"]
[Date "2018.05.24"]
[Round "6"]
[White "Fell, Sebastian"]
[Black "Sorin, Ariel"]
[Result "1-0"]
[WhiteElo "2299"]
[BlackElo "2405"]
[PlyCount "133"]
[EventDate "2018.05.19"]
[EventType "swiss"]
[EventRounds "9"]
[EventCountry "ARG"]
[SourceTitle "CBM 184 Extra"]
[Source "ChessBase"]
[SourceDate "2018.06.28"]
[SourceVersion "1"]
[SourceVersionDate "2018.06.28"]
[SourceQuality "1"]

1. e4 c6 2. d4 d5 3. exd5 cxd5 4. Bd3 Nc6 5. c3 Nf6 6. Bf4 Bg4 7. Qb3 Na5 8. Qa4+ Bd7 9. Qc2 Qb6 10. a4 e6 11. Nf3 Nb3 12. Ra2 Rc8 13. 0-0 Be7 14. Nbd2 Nxd2 15. Bxd2 Bd6 16. Raa1 Qc7 17. Rae1 Bf4 18. Bxf4 Qxf4 19. Ne5 h5 20. g3 Qh6 21. f4 Ng4 22. f5 Nxe5 23. Rxe5 0-0 24. fxe6 fxe6 25. Rxf8+ Rxf8 26. h4 Be8 27. Kg2 Qf6 28. Qe2 Bf7 29. Re3 g6 30. Rf3 Qg7 31. Qe3 Re8 32. Bb5 Rf8 33. a5 a6 34. Ba4 Rb8 35. Qg5 Rf8 36. Qe7 Qh6 37. Rf4 g5 38. hxg5 Qg6 39. Qf6 Qxf6 40. Rxf6 Rb8 41. Bd7 b6 42. Bxe6 Bxe6 43. Rxe6 bxa5 44. Rxa6 Rxb2+ 45. Kf3 Rb3 46. Rxa5 Rxc3+ 47. Kf4 Rd3 48. Rxd5 Kg7 49. Rd7+ Kg6 50. Rd6+ Kf7 51. g6+ Kg7 52. Kg5 Rxg3+ 53. Kxh5 Rh3+ 54. Kg5 Rg3+ 55. Kf5 Rf3+ 56. Ke5 Re3+ 57. Kd5 Re1 58. Re6 Ra1 59. Ke5 Re1+ 60. Kd6 Ra1 61. d5 Ra6+ 62. Kc7 Ra7+ 63. Kb6 Ra1 64. d6 Rb1+ 65. Kc7 Rc1+ 66. Kd8 Rc6 67. Ke7 1-0

[Event "ARG-ch sf 93rd"]
[Site "Buenos Aires"]
[Date "2018.05.22"]
[Round "4"]
[White "Acosta, Pablo Ismael"]
[Black "Fell, Sebastian"]
[Result "1-0"]
[WhiteElo "2402"]
[BlackElo "2299"]
[PlyCount "69"]
[EventDate "2018.05.19"]
[EventType "swiss"]
[EventRounds "9"]
[EventCountry "ARG"]
[SourceTitle "CBM 184 Extra"]
[Source "ChessBase"]
[SourceDate "2018.06.28"]
[SourceVersion "1"]
[SourceVersionDate "2018.06.28"]
[SourceQuality "1"]

1. Nf3 Nf6 2. d4 g6 3. c4 Bg7 4. Nc3 0-0 5. g3 d6 6. Bg2 Nc6 7. 0-0 a6 8. h3 Rb8 9. Qd3 Nd7 10. b3 b5 11. cxb5 axb5 12. Bb2 b4 13. Na4 Nb6 14. Nxb6 Rxb6 15. Rfc1 Na5 16. Qc2 c6 17. a3 Be6 18. Nd2 bxa3 19. Rxa3 Rb5 20. b4 Rxb4 21. Bc3 Rb5 22. Rca1 Nb7 23. Bxc6 Rb6 24. d5 Bxh3 25. Bxg7 Kxg7 26. Nc4 Nc5 27. Nxb6 Qxb6 28. Rb1 Qc7 29. Qb2+ Kg8 30. Qb6 Qc8 31. Ra7 Bf5 32. Ra8 Qxa8 33. Bxa8 Bxb1 34. Bc6 Bf5 35. Qc7 1-0

[Event "ARG-ch sf 93rd"]
[Site "Buenos Aires"]
[Date "2018.05.20"]
[Round "2"]
[White "Soria, Angel"]
[Black "Fell, Sebastian"]
[Result "0-1"]
[WhiteElo "1839"]
[BlackElo "2299"]
[PlyCount "75"]
[EventDate "2018.05.19"]
[EventType "swiss"]
[EventRounds "9"]
[EventCountry "ARG"]
[SourceTitle "CBM 184 Extra"]
[Source "ChessBase"]
[SourceDate "2018.06.28"]
[SourceVersion "1"]
[SourceVersionDate "2018.06.28"]
[SourceQuality "1"]

1. e4 c5 2. Nf3 d6 3. d4 cxd4 4. Nxd4 Nf6 5. Nc3 a6 6. Bg5 Nbd7 7. Qd2 e6 8. 0-0-0 b5 9. a3 Bb7 10. f3 h6 11. Be3 Rc8 12. Kb1 Nb6 13. g4 d5 14. h4 b4 15. Na2 bxa3 16. e5 Nfd7 17. f4 axb2 18. Kxb2 Nc5 19. Ka1 Ne4 20. Qe1 Na4 21. Rb1 Qc7 22. Bd3 Nac3 23. Nxc3 Nxc3 24. Rb3 Bb4 25. Qg1 Qa5+ 26. Kb2 Na4+ 27. Kb1 Nc5 28. Rh2 Nxb3 29. Nxb3 Qa4 30. Bd4 Bc3 31. Bxc3 Rxc3 32. Qb6 Qc6 33. Qb4 Qc7 34. f5 Rc6 35. f6 g6 36. Rf2 Rg8 37. Ka2 Kd7 38. Kb2 0-1

[Event "Buenos Aires Magistral 3rd"]
[Site "Buenos Aires"]
[Date "2018.04.25"]
[Round "8"]
[White "Fell, Sebastian"]
[Black "Ocantos, Manuel"]
[Result "1/2-1/2"]
[WhiteElo "2301"]
[BlackElo "2171"]
[PlyCount "73"]
[EventDate "2018.04.19"]
[EventType "tourn"]
[EventRounds "9"]
[EventCountry "ARG"]
[EventCategory "1"]
[SourceTitle "CBM 184 Extra"]
[Source "ChessBase"]
[SourceDate "2018.06.28"]
[SourceVersion "1"]
[SourceVersionDate "2018.06.28"]
[SourceQuality "1"]

1. e4 e6 2. d4 d5 3. exd5 exd5 4. Nf3 Nf6 5. Bd3 Bg4 6. 0-0 Be7 7. Nbd2 0-0 8. Re1 Re8 9. Nf1 Nbd7 10. Bf4 c6 11. h3 Bxf3 12. Qxf3 Bf8 13. Rxe8 Qxe8 14. g4 g6 15. Ng3 Bg7 16. Kg2 h6 17. c3 Qe6 18. Bd2 Re8 19. Re1 Qd6 20. Rxe8+ Nxe8 21. h4 Qe6 22. h5 Nd6 23. Qe2 Qf6 24. hxg6 fxg6 25. g5 hxg5 26. Qg4 Nf8 27. Bxg5 Qe6 28. Qxe6+ Nxe6 29. Bc1 Kf7 30. Ne2 Bf6 31. f3 Bg5 32. Bxg5 Nxg5 33. Nf4 Nf5 34. Bxf5 gxf5 35. Nd3 Ne6 36. Kg3 Kf6 37. Kh4 1/2-1/2

[Event "Buenos Aires Magistral 3rd"]
[Site "Buenos Aires"]
[Date "2018.04.24"]
[Round "7"]
[White "Spata, German"]
[Black "Fell, Sebastian"]
[Result "1-0"]
[WhiteElo "2323"]
[BlackElo "2301"]
[PlyCount "95"]
[EventDate "2018.04.19"]
[EventType "tourn"]
[EventRounds "9"]
[EventCountry "ARG"]
[EventCategory "1"]
[SourceTitle "CBM 184 Extra"]
[Source "ChessBase"]
[SourceDate "2018.06.28"]
[SourceVersion "1"]
[SourceVersionDate "2018.06.28"]
[SourceQuality "1"]

1. d4 d5 2. c4 dxc4 3. Nf3 Nf6 4. e3 e6 5. Bxc4 c5 6. 0-0 a6 7. Qe2 b5 8. Bb3 Bb7 9. Rd1 Nbd7 10. a4 b4 11. e4 cxd4 12. Nxd4 Qb8 13. Nd2 Bd6 14. N2f3 0-0 15. Bc2 h6 16. h3 Ne5 17. Nd2 Ng6 18. Nc4 Rd8 19. b3 Bc5 20. Bb2 Qf4 21. g3 Qc7 22. Kh2 h5 23. e5 Bxd4 24. Bxd4 Qc6 25. f4 Nd5 26. Na5 Qc7 27. Nxb7 Qxb7 28. Qxh5 Rac8 29. Rac1 Nc3 30. Bxc3 bxc3 31. Qe2 Ne7 32. Qe4 Rd2+ 33. Rxd2 cxd2 34. Rd1 Qxe4 35. Bxe4 Rd8 36. Kg1 Rd4 37. Bf3 Nf5 38. Kf2 Rd3 39. Be4 Rxb3 40. Rxd2 Ra3 41. Rd8+ Kh7 42. g4 Rxa4 43. Kf3 g6 44. gxf5 gxf5 45. Bd3 a5 46. Bb5 Ra3+ 47. Rd3 Ra1 48. Be8 1-0

[Event "Caba Legislatura Cup"]
[Site "Caba"]
[Date "2018.04.12"]
[Round "6"]
[White "Godoy Olazabal, Arturo"]
[Black "Fell, Sebastian"]
[Result "1/2-1/2"]
[WhiteElo "2182"]
[BlackElo "2301"]
[PlyCount "113"]
[EventDate "2018.04.06"]
[EventType "swiss"]
[EventRounds "9"]
[EventCountry "ARG"]
[SourceTitle "CBM 184 Extra"]
[Source "ChessBase"]
[SourceDate "2018.06.28"]
[SourceVersion "1"]
[SourceVersionDate "2018.06.28"]
[SourceQuality "1"]

1. e4 e5 2. Nc3 Bc5 3. Bc4 d6 4. d3 Nc6 5. Na4 Qf6 6. Nxc5 dxc5 7. Be3 b6 8. Qd2 Nge7 9. 0-0-0 Qd6 10. f4 Be6 11. Bb5 0-0-0 12. fxe5 Nxe5 13. Nf3 f6 14. Qc3 Ng4 15. d4 Nxe3 16. Qxe3 Ng6 17. dxc5 Qxc5 18. Qxc5 bxc5 19. Rxd8+ Rxd8 20. Rd1 Rd6 21. b3 Bg4 22. Re1 Bxf3 23. gxf3 Kd8 24. Rg1 Ke7 25. Rg2 Kf8 26. Rg3 Rd8 27. Rh3 h6 28. Rh5 c6 29. Bf1 Ne5 30. f4 Ng6 31. Rxc5 Rd6 32. Bc4 Nxf4 33. Rf5 Ng6 34. Ra5 Rd7 35. Rc5 Ne5 36. Be2 Ke7 37. a4 Kd6 38. b4 Rb7 39. c3 g6 40. Kd2 h5 41. Ke3 g5 42. Ra5 h4 43. h3 Rg7 44. c4 g4 45. hxg4 h3 46. c5+ Ke6 47. Kf2 Nxg4+ 48. Kg3 h2 49. Bxg4+ Rxg4+ 50. Kxh2 Rxe4 51. b5 cxb5 52. axb5 Kd5 53. c6 Kc5 54. c7 Re8 55. Rxa7 Kxb5 56. Kg3 Kb6 57. c8N+ 1/2-1/2

[Event "Caba Legislatura Cup"]
[Site "Caba"]
[Date "2018.04.07"]
[Round "2"]
[White "Saldano, Gonzalo"]
[Black "Fell, Sebastian"]
[Result "1/2-1/2"]
[WhiteElo "1971"]
[BlackElo "2301"]
[PlyCount "81"]
[EventDate "2018.04.06"]
[EventType "swiss"]
[EventRounds "9"]
[EventCountry "ARG"]
[SourceTitle "CBM 184 Extra"]
[Source "ChessBase"]
[SourceDate "2018.06.28"]
[SourceVersion "1"]
[SourceVersionDate "2018.06.28"]
[SourceQuality "1"]

1. e4 e6 2. d4 c5 3. Nf3 cxd4 4. Nxd4 a6 5. a3 Nc6 6. Nc3 Qc7 7. g3 Nf6 8. Bg2 Be7 9. 0-0 0-0 10. Be3 d6 11. f4 Bd7 12. Qe2 Rfe8 13. Rad1 Bf8 14. Nb3 Rad8 15. g4 Bc8 16. g5 Nd7 17. Qf2 Na5 18. Nxa5 Qxa5 19. Kh1 g6 20. Bd4 e5 21. fxe5 dxe5 22. Qxf7+ Kh8 23. Be3 Bg7 24. Qd5 b5 25. Qc6 Nb8 26. Qb6 Qxb6 27. Bxb6 Rxd1 28. Rxd1 Nc6 29. Nd5 Rf8 30. c3 Nd8 31. Bc5 Re8 32. Nf6 Bxf6 33. gxf6 Kg8 34. Be7 Nc6 35. Bc5 Kf7 36. Rf1 Rd8 37. Kg1 Rd2 38. Rf2 Rd1+ 39. Rf1 Rd2 40. Rf2 Rd1+ 41. Rf1 1/2-1/2

[Event "Monte Grande FASGBA-ch"]
[Site "Monte Grande"]
[Date "2018.03.10"]
[Round "4.3"]
[White "Garzon, Enrique"]
[Black "Fell, Sebastian"]
[Result "0-1"]
[WhiteElo "2082"]
[BlackElo "2270"]
[PlyCount "52"]
[EventDate "2018.03.03"]
[EventType "swiss"]
[EventRounds "6"]
[EventCountry "ARG"]
[SourceTitle "EXT 2024"]
[Source "ChessBase"]
[SourceDate "2023.10.10"]
[SourceVersion "1"]
[SourceVersionDate "2023.10.10"]
[SourceQuality "1"]

1. Nf3 Nf6 2. g3 Nc6 3. c4 e5 4. d3 d5 5. b3 dxc4 6. bxc4 e4 7. Nfd2 Bc5 8. Bb2 exd3 9. e3 Bg4 10. Qb3 Nb4 11. Na3 0-0 12. Bg2 Be2 13. Bc3 a5 14. Qb2 Re8 15. Bxf6 gxf6 16. Ne4 Rxe4 17. Bxe4 Qe7 18. Bg2 Bxe3 19. fxe3 Qxe3 20. Qd2 Qd4 21. Rc1 Re8 22. Nb5 Bf3+ 23. Kf1 Re2 24. Nxd4 Bxg2+ 25. Kg1 Rxd2 26. Re1 h5 0-1